LEADER 01250nam a2200265 i 4500 001 000000146975 003 CaOOAMICUS 005 20060209000000.0 008 060209s1995 it u000 u mul u 013 $a123909 020 $a88-209-2004-2 040 $aSeMil$bita 100 1 $aBurke, Cormac <1927- >.$0(OLS)http://semarc/name/16329 245 10$aSacramentalità e validità del matrimonio nella giurisprudenza del tribunale della Rota Romana. 260 $aCittà del Vaticano :$bLibreria Editrice Vaticana,$c1995. 300 $a292 p. ;$c24 cm. 490 0 $aStudi giuridici ;$v36. 650 4$aMatrimonio canonico - Sacramentalità - Giurisprudenza.$0(OLS)http://semarc/subject/28736 830 0$aStudi giuridici ;$v36.$0(OLS)http://semarc/title/471 850 $aSeMil 852 $aSeMil$W1$xVenegono$y1$m2H VI 36$j99583$B99583$CSeMilBibl$Z2$F108017 $81 961 $aAcquisto: Mescat 996 $6020$a88-209-2004-2$9(OLS)http://semarc/number/135621 996 $6245$aSacramentalità e validità del matrimonio nella giurisprudenza del tribunale della Rota Romana$9(OLS)http://semarc/title/214940 996 $6260$aCittà del Vaticano :$bLibreria Editrice Vaticana$9(OLS)http://semarc/publisher/29734 LEADER 01052nam a2200229 i 4500 001 000000222757 003 CaOOAMICUS 005 20130925000000.0 008 130925s2010 it u000 u ita u 013 $a201654 040 $aSeMil$bita 100 1 $aGiurisato, Giorgio .$0(OLS)http://semarc/name/90376 245 13$a[I segni di divisione del Codex B nei vangeli /$cGiorgio Giurisato, Gaetano Massimo Carlino]. 260 $a[S.l. :$bs.n.],$c2010. 300 $aP. 138-154, 536-541 :$bill. ;$c24 cm. 500 $aLiber Annuus 60 (2010). 650 4$aCittà del Vaticano - Biblioteca Apostolica Vaticana - Manoscritti - Vaticano Greco 1209 .$0(OLS)http://semarc/subject/23832 700 1 $aCarlino, Gaetano Massimo.$0(OLS)http://semarc/name/77777 850 $aSeMil 852 $aSeMil$W1$xVenegono$y1$m5D VII 20/6$j173103$B173103$CSeMilBibl$Z2$F183400 $81 996 $6245$a[I segni di divisione del Codex B nei vangeli$9(OLS)http://semarc/title/319386 996 $6260$a[S.l. :$bs.n.]$9(OLS)http://semarc/publisher/29751